1390 1020 1025 1134 1962 1655 1048 1536 1704 1417 1113 1394 1443 1585 1474 1290 1910 1611 1107 1577 1121 1732 1632 1294 1587 1903 1246 1939 1078 1473 1553 1416 1073 1397 1773 1250 1205 1064 1250 1173 1069 1536 1372 1005 1998 1003 1241 1013 1446 1495 1385 1113 1728 1428 1537 1814 1677 1923 1825 1501 1407 1372 1923 1964 1796 1587 1204 1771 1879 1910 1801 1021 1073 1527 1873 1720 1532 1929 1478 1823 1350 1455 1110 1487 1425 1404 1119 1703 1371 1091 1258 1523 1903 1244 1343 1655 1477 1248 1335 BCNSPRNW ULIB Ver.6.0+V

เปลี่ยนเป็นภาษาไทย

Change to English
 แสดงรายละเอียดบรรณานุกรม
  กลับหน้าหลัก

Brief Record : Get Marc (ISO 2709) : E-mail record : QR code < ปิดหน้าต่าง
LEADER : 00000nam 2200000uu 4500
001    13399120612
003     ULIB
008    120928s2548||||th 000 0 tha d
020    ^a9749297253
060 04 ^aWY152.5^bผ225ก 2551
100 0  ^aผ่องพรรณ อรุณแสง
245 10 ^aการพยาบาลผู้ป่วยโรคหัวใจและหลอดเลือด /^cผ่องพรรณ อรุณแสง
250    ^aพิมพ์ครั้งที่ 1
260    ^aขอนแก่น :^bคณะพยาบาลศาสตร์ มหาวิทยาลัยขอนแก่น,^c2551
300    ^aก-ฐ, 393 หน้า :^bภาพประกอบ ;^c26 ซม.
650  7 ^aหัวใจร่วมหลอดเลือด, โรค^xการพยาบาล
650  7 ^aหลอดเลือด, โรค^xการพยาบาล
650  7 ^aหัวใจ, โรค^xการพยาบาล
710 2  ^aมหาวิทยาลัยขอนแก่น. ^bคณะพยาบาลศาสตร์
945    ^p250^l0^i24485
945    ^p250^l0^i15493
945    ^p250^l0^i15494
945    ^p250^l0^i15527
995    ^aกัณชพร
999 ^a ใช้งานได้ทุกระบบ
รายการนี้ยังไม่มีแท็ก
คุณยังไม่ได้ล็อกอิน คุณสามารถมีกิจกรรมร่วมกับเว็บไซต์ได้ แต่ต้องล็อกอินก่อน ::
  ล็อกอิน

รายการสื่อสารสนเทศ

ลำดับที่ ประเภท เลขเรียก/บาร์โค้ด สถานที่ สถานะ
1. Book การพยาบาล
Book การพยาบาล
สถานะ=หนังสือเก่า
WY152.5 ผ225ก 2551  
  Barcode: 24485
ห้องสมุดวิทยาเขตนครสวรรค์
►ส่วนจัดเก็บหนังสือเก่า นว.
บนชั้น
  ขอยืม
2. Book การพยาบาล
Book การพยาบาล
สถานะ=หนังสือเก่า
WY152.5 ผ225ก 2551 ฉ.2 
  Barcode: 15493
ห้องสมุดวิทยาเขตนครสวรรค์
►ส่วนจัดเก็บหนังสือเก่า นว.
บนชั้น
  ขอยืม
3. Book การพยาบาล
Book การพยาบาล
สถานะ=หนังสือเก่า
WY152.5 ผ225ก 2551 ฉ.3 
  Barcode: 15494
ห้องสมุดวิทยาเขตนครสวรรค์
►หนังสือทั่วไป:l:General Books
บนชั้น
4. Book การพยาบาล
Book การพยาบาล
สถานะ=หนังสือเก่า
WY152.5 ผ225ก 2551 ฉ.4 
  Barcode: 15527
ห้องสมุดวิทยาเขตนครสวรรค์
►หนังสือทั่วไป:l:General Books
บนชั้น

รายการใกล้เคียง
    ผู้แต่ง [ผ่องพรรณ อรุณแสง]

BibComment


ยังไม่เคยถูกคอมเมนท์

คอมเมนท์ทรัพยากรรายการนี้
  คอมเมนท์: การพยาบาลผู้ป่วย..


 Copyright 2026. Bcnsprnw @Library